Về tên gọi các dân tộc thiểu số thuộc nhóm ngôn ngữ Việt- Mường ở Việt nam /

Wedi'i Gadw mewn:
Manylion Llyfryddiaeth
Prif Awdur: Nguyễn Hữu Hoành.
Fformat: Erthygl
Iaith:Vietnamese
Tagiau: Ychwanegu Tag
Dim Tagiau, Byddwch y cyntaf i dagio'r cofnod hwn!
Thư viện lưu trữ: Thư viện Trường Đại học Đà Lạt
LEADER 00745nam a2200229 4500
001 DLU120001034
005 ##20121001
040 # # |a DLU  |b vie 
041 # # |a vie 
044 # # |a vn 
100 # # |a Nguyễn Hữu Hoành. 
245 # # |a Về tên gọi các dân tộc thiểu số thuộc nhóm ngôn ngữ Việt- Mường ở Việt nam /  |c Nguyễn Hữu Hoành. 
773 # # |t Những vấn đề ngôn ngữ học: Hội nghị khoa học 2002  |g 2004, tr. 443-462 
920 # # |a Phòng Tạp chí -- Trung tâm Thông tin - Thư viện Trường Đại học Đà Lạt 
994 # # |a DLU 
900 # # |a True 
911 # # |a Nguyễn Thị Tưởng 
925 # # |a G 
926 # # |a A 
927 # # |a BB 
980 # # |a Thư viện Trường Đại học Đà Lạt